Pravoslaví, Rusko a domnělý střet civilizací

Historický pohľad na západnú a východnú civilizáciu. Západné a východné kresťanstvo a ich geopolitický charakter.Ruský patronát nad malými pravoslávnymi národmi Balkánu a boj proti katolíctvu. Prejavy pravoslávnej tradície v zahraničnej politike.

Guardado en:
Detalles Bibliográficos
Autor principal: Tesař, Filip
Formato: Capítulo de libro
Lenguaje:checo
Materias:
Etiquetas: Agregar Etiqueta
Sin Etiquetas, Sea el primero en etiquetar este registro!

MARC

LEADER 00000naa$a2200000$$$4500
001 0024134
005 20231016091540.7
041 0 |a cze 
044 |a CZ 
245 1 0 |a Pravoslaví, Rusko a domnělý střet civilizací  |c Filip Tesař 
520 |a Historický pohľad na západnú a východnú civilizáciu. Západné a východné kresťanstvo a ich geopolitický charakter.Ruský patronát nad malými pravoslávnymi národmi Balkánu a boj proti katolíctvu. Prejavy pravoslávnej tradície v zahraničnej politike. 
610 2 0 |a náboženstvo 
610 2 0 |a história 
610 2 0 |a kresťanstvo 
610 2 0 |a kultúra 
610 2 0 |a civilizácia 
610 2 0 |a vývoj 
610 2 0 |a cirkev 
610 2 0 |a Balkán 
610 2 0 |a Rusko 
100 1 |a Tesař, Filip